Pokémon qui peuvent être capturés dans une grotte - Statistiques

Statistiques générales
  • Ce quiz a été pris 18 fois
  • Le résultat moyen est 121 sur 228
Statistiques - réponses
Première grotte d'apparition Jeu(x) où le Pokémon apparaît dans cette grotte pour la première fois Pokémon % Correct
Route Victoire Rouge et Bleu Gravalanch
93%
Caverne Azurée Rouge et Bleu Mewtwo
93%
Mont Sélénite Rouge et Bleu Nosferapti
93%
Mont Sélénite Rouge et Bleu Racaillou
93%
Antre du Dragon Or et Argent Draco
86%
Route Victoire Rubis et Saphir Hariyama
86%
Route Victoire Rouge et Bleu Machoc
86%
Route Victoire Rouge et Bleu Machopeur
86%
Caverne Azurée Or Heartgold et Argent Soulsilver Makuhita
86%
Mont Couronné Diamant et Perle Mélo
86%
Caverne Azurée Rouge et Bleu Mélofée
86%
Antre du Dragon Or et Argent Minidraco
86%
Iles Ecume Rouge et Bleu Nosferalto
86%
Route Victoire Rouge et Bleu Onix
86%
Grotte Falaise Or Heartgold et Argent Soulsilver Steelix
86%
Mont Abrupt Diamant et Perle Camérupt
79%
Tunnel Mérazon Rubis et Saphir Chuchmur
79%
Route Victoire Rubis et Saphir Galegon
79%
Grotte Granite Rubis et Saphir Galekid
79%
Grotte Cyclopéenne Noir et Blanc Mélodelfe
79%
Grotte Cyclopéenne Soleil et Lune Nostenfer
79%
Caverne Azurée Jaune Rhinocorne
79%
Cave/Grotte Taupiqueur Rouge et Bleu Taupiqueur
79%
Cave/Grotte Taupiqueur Rouge et Bleu Triopikeur
79%
Iles Ecume Rouge et Bleu Artikodin
71%
Chemin Ardent Rubis et Saphir Chamallot
71%
Route Victoire Rubis et Saphir Charmina
71%
Antre Néréen X et Y Electhor
71%
Grotte Origine Rubis et Saphir Groudon
71%
Grotte Origine Rubis et Saphir Kyogre
71%
Iles Ecume Rouge Feu et Vert Feuille Léviator
71%
Iles Ecume Rouge et Bleu Magicarpe
71%
Route Victoire Rubis et Saphir Méditikka
71%
Caverne Azurée Rouge et Bleu Métamorph
71%
Route Victoire Rouge et Bleu Ossatueur
71%
Grotte Etincelante X et Y Osselait
71%
Route Victoire de Hoenn Rubis et Saphir Ramboum
71%
Caverne Azurée Let's Go Pikachu et Let's Go Evoli Rhinoféros
71%
Iles Ecume Rouge et Bleu Stari
71%
Route Victoire Rouge et Bleu Sulfura
71%
Chemin Ardent Rubis et Saphir Tadmorv
71%
Grotte Granite Rubis et Saphir Abra
64%
Route Victoire (Sinnoh) Diamant et Perle Carmache
64%
Chemin Ardent Rubis et Saphir Chartor
64%
Grotte Cyclopéenne Noir et Blanc Cochignon
64%
Grotte Parsemille Noir et Blanc Coupenotte
64%
Grotte Littorale Noir 2 et Blanc 2 Crustabri
64%
Site Météore Rubis et Saphir Draby
64%
Grotte Coda X et Y Embrylex
64%
Grotte Perdue Rouge Feu et Vert Feuille Fantominus
64%
Iles Ecume Rouge et Bleu Flagadoss
64%
Grotte Retour Diamant et Perle Giratina
64%
Mont Lanakila Soleil et Lune Goupix
64%
Grotte Revêche Diamant et Perle Griknot
64%
Iles Ecume Rouge et Bleu Hypotrempe
64%
Caverne Azurée Jaune Kadabra
64%
Iles Ecume Rouge et Bleu Kokiyas
64%
Caverne Gelée X et Y Lippouti
64%
Iles Ecume Or Heartgold et Argent Soulsilver Lippoutou
64%
Caves Jumelles Or et Argent Lokhlass
64%
Tourb'Iles Or et Argent Lugia
64%
Route de Glace Or et Argent Marcacrin
64%
Veine Souterraine Noir et Blanc Nodulithe
64%
Iles Ecume Rouge et Bleu Ramoloss
64%
Caves Jumelles Or et Argent Rattata
64%
Caves Jumelles Or et Argent Rattatac
64%
Site Météore Saphir Séléroc
64%
Chemin Ardent Rubis et Saphir Smogo
64%
Site Météore Rubis Solaroc
64%
Grotte Perdue Rouge Feu et Vert Feuille Spectrum
64%
Grotte Coda X et Y Ymphect
64%
Iles Ecume Rouge et Bleu Akwakwak
57%
Caves Jumelles Or et Argent Axoloto
57%
Site Météore Rubis et Saphir Barbicha
57%
Veine Souterraine Noir et Blanc Bargantua
57%
Site Météore Rubis et Saphir Barloche
57%
Grotte Granite Rubis Oméga et Saphir Alpha Charpenti
57%
Veine Souterraine Noir et Blanc Chovsourir
57%
Caverne Courage Diamant et Perle Créfadet
57%
Caverne Vérité Diamant et Perle Créfollet
57%
Caverne Savoir Diamant et Perle Créhelf
57%
Grotte Electrolithe Noir et Blanc Géolithe
57%
Grotte Electrolithe Noir et Blanc Grindur
57%
Mont Abrupt Diamant et Perle Heatran
57%
Iles Ecume Rouge Hypocéan
57%
Antre Noir Or et Argent Insolourdo
57%
Grotte Etincelante X et Y Kangourex
57%
Iles Ecume Rouge et Bleu Krabboss
57%
Iles Ecume Rouge et Bleu Krabby
57%
Grotte Cyclopéenne Noir et Blanc Kyurem
57%
Iles Ecume Rouge et Bleu Lamantine
57%
Caves Jumelles Or et Argent Maraiste
57%
Mont Foré Noir 2 et Blanc 2 Minotaupe
57%
Grotte Granite Rubis et Saphir Mysdibule
57%
Iles Ecume Rouge et Bleu Otaria
57%
Iles Ecume Rouge et Bleu Psykokwak
57%
Caverne Azurée Rouge Feu et Vert Feuille Qulbutoké
57%
Grotte de l'Ilot Rubis et Saphir Regice
57%
Grotte de l'Ilot Rubis et Saphir Regigigas
57%
Ruines Désert Rubis et Saphir Regirock
57%
Tombeau Antique Rubis et Saphir Registeel
57%
Veine Souterraine Noir et Blanc Rototaupe
57%
Caverne Azurée Bleu Sabelette
57%
Caverne Azurée Bleu Sablaireau
57%
Mont Abrupt Diamant et Perle Smogogo
57%
Grotte Tréfonds Rubis et Saphir Stalgamin
57%
Grotte Granite Rubis et Saphir Tarinor
57%
Grotte Electrolithe Noir et Blanc Tic
57%
Grotte Tréfonds Rubis et Saphir Wailmer
57%
Caverne Coda Ultra-Soleil et Ultra-Lune Zygarde
57%
Caverne Azurée Or Heartgold et Argent Soulsilver Absol
50%
Mont Couronné Diamant et Perle Archéodong
50%
Caverne Azurée
Or Heartgold et Argent Soulsilver Archéomire
50%
Route Victoire (Sinnoh) Diamant et Perle Azumarill
50%
Mont Couronné (Sinnoh) Diamant et Perle Barpau
50%
Caverne Coda Ultra-Soleil et Ultra-Lune Bruyverne
50%
Antre Noir Or et Argent Caratroc
50%
Grotte Parsemille Noir et Blanc Cobaltium
50%
Chemin Ardent Rubis Oméga et Saphir Alpha Debugant
50%
Route Victoire de Kanto/Johto Or Heartgold et Argent Soulsilver Donphan
50%
Route de Glace Cristal Farfuret
50%
Mont Foré Noir et Blanc Hexagel
50%
Mont Couronné Diamant et Perle Korillon
50%
Grotte Taupiqueur Let's Go Pikachu et Let's Go Evoli Leveinard
50%
Chemin Ardent Rubis et Saphir Limagma
50%
Mont Abrupt Diamant et Perle Magby
50%
Mont Creuset Or et Argent Marill
50%
Grotte Cyclopéenne Noir et Blanc Métalosse
50%
Grotte Cyclopéenne Noir et Blanc Métang
50%
Grotte Miroitante X et Y M.Mime
50%
Grotte Tréfonds (Hoenn) Rubis et Saphir Obalie
50%
Mont Foré Noir et Blanc Ouvrifier
50%
Mont Sélénite Rouge et Bleu Paras
50%
Iles Ecume Rouge et Bleu Poissirène
50%
Caverne Azurée Rouge et Bleu Poissoroy
50%
Iles Ecume Rouge et Bleu Ptitard
50%
Grotte Retour Platine Skelénox
50%
Grotte Coda X et Y Sonistrelle
50%
Caverne Gelée X et Y Sorbébé
50%
Grotte Cyclopéenne Noir 2 et Blanc 2 Sorbouboul
50%
Grotte Cyclopéenne Noir 2 et Blanc 2 Sorboul
50%
Grotte Electrolithe Noir et Blanc Statitik
50%
Grotte Miroitante X et Y Strassie
50%
Caverne Azurée Let's Go Pikachu et Let's Go Evoli Tartard
50%
Antre Noir Cristal Teddiursa
50%
Grotte Granite Rubis et Saphir Ténéfix
50%
Tourb'Iles Or et Argent Tentacool
50%
Tourb'Iles Or et Argent Tentacruel
50%
Grotte Retour Platine Téraclope
50%
Route Victoire (Unys-Noir et Blanc) Noir et Blanc Terrakium
50%
Caverne Azurée Or et Argent Têtarte
50%
Antre Noir Cristal Ursaring
50%
Mont Abrupt Diamant et Perle Volcaropod
50%
Mont Foré Noir 2 et Blanc 2 Aflamanoir
43%
Grotte Electrolithe Noir et Blanc Anchwatt
43%
Caverne Azurée Rouge Arbok
43%
Route Victoire (Unys-Noir 2 et Blanc 2) Noir 2 et Blanc 2 Branette
43%
Route de Glace Or et Argent Cadoizo
43%
Caves Jumelles Or et Argent Corayon
43%
Route Victoire (Unys-Noir 2 et Blanc 2) Noir 2 et Blanc 2 Diamat
43%
Mont Couronné Diamant et Perle Eoko
43%
Route Victoire (Unys-Noir et Blanc) Noir et Blanc Fermite
43%
Grotte Perdue Vert Feuille Feuforêve
43%
Caverne Gelée X et Y Grelaçon
43%
Caverne Azurée Rouge et Bleu Grodoudou
43%
Route Victoire Let's Go Pikachu et Let's Go Evoli Kicklee
43%
Grotte Littorale Noir 2 et Blanc 2 Lampéroie
43%
Route Victoire de Hoenn Rubis et Saphir Lovdisc
43%
Caverne Azurée Rouge et Bleu Magnéton
43%
Grotte Miroitante X et Y Mime Jr
43%
Grotte Cyclopéenne Noir et Blanc Nanmeouie
43%
Mont Lanakila Ultra-Soleil et Ultra-Lune Oniglali
43%
Ultra-Dimension Zéro Ultra-Soleil et Ultra-Lune Palkia
43%
Caverne Azurée Rouge et Bleu Parasect
43%
Caverne Azurée Or Heartgold et Argent Soulsilver Persian
43%
Grotte Tréfonds Rubis et Saphir Phogleur
43%
Mont Foré Noir et Blanc Polarhume
43%
Grotte Verlamer Ultra-Soleil et Ultra-Lune Ptiravi
43%
Antre d'Entraînement Noir et Blanc Riolu
43%
Caverne Azurée Let's Go Pikachu et Let's Go Evoli Ronflex
43%
Route Victoire (Unys-Noir et Blanc) Noir et Blanc Solochi
43%
Route Victoire Let's Go Pikachu et Let's Go Evoli Tygnon
43%
Route Victoire Rouge et Bleu Aéromite
36%
Grotte Verdoyante Lune Cancrelove
36%
Grotte Verlamer Ultra-Soleil et Ultra-Lune Carapuce
36%
Grotte Métamo Rouge Feu et Vert Feuille Cerfrousse
36%
Grotte Perdue Rouge Feu Cornèbre
36%
Caverne Azurée Rouge et Bleu Dodrio
36%
Mont Lanakila Soleil et Lune Draieul
36%
Route Victoire (Unys-Noir 2 et Blanc 2) Noir 2 et Blanc 2 Drakkarmin
36%
Caverne Azurée Rouge et Bleu Electrode
36%
Grotte Cyclopéenne Noir et Blanc Emolga
36%
Caverne Coda Ultra-Soleil et Ultra-Lune Engloutyran
36%
Route Victoire (Kalos) X et Y Excelangue
36%
Ultra-Dimension Zéro Ultra-Soleil et Ultra-Lune Hippodocus
36%
Grotte Ruineman Diamant et Perle Hippopotas
36%
Caverne Azurée Rouge et Bleu Hypnomade
36%
Grotte Métamo Rouge Feu et Vert Feuille Malosse
36%
Grotte Coda X et Y Migalos
36%
Grotte Littorale Noir 2 et Blanc 2 Moyade
36%
Mont Foré Noir 2 et Blanc 2 Polagriffe
36%
Grotte Métamo Rouge Feu et Vert Feuille Queulorior
36%
Caverne Azurée Rouge et Bleu Raichu
36%
Grotte Littorale Noir 2 et Blanc 2 Viskuse
36%
Tunnel Taupiqueur (Alola) Soleil et Lune Zéroid
36%
Ultra-Dimension Zéro Ultra-Soleil et Ultra-Lune Blizzaroi
29%
Caverne Azurée Jaune Boustiflor
29%
Grotte Métamo Rouge Feu et Vert Feuille Capumain
29%
Caverne Azurée Rouge Feu et Vert Feuille Colossinge
29%
Grotte Littorale Noir 2 et Blanc 2 Crabaraque
29%
Grotte Etincelante X et Y Crabicoque
29%
Grotte Verlamer Soleil et Lune Kaiminus
29%
Route Victoire (Unys-Noir et Blanc) Noir et Blanc Kungfouine
29%
Grotte Cyclopéenne Noir et Blanc Mammochon
29%
Route Victoire (Sinnoh) Diamant et Perle Mustéflott
29%
Caverne Azurée Jaune Ortide
29%
Grotte Métamo Rouge Feu et Vert Feuille Pomdepik
29%
Grotte Cyclopéenne Noir et Blanc Saquedeneu
29%
Grotte Métamo Rouge Feu et Vert Feuille Wattouat
29%
Grotte Cyclopéenne Noir et Blanc Bouldeneu
21%
Route Victoire (Unys-Noir 2 et Blanc 2) Noir 2 et Blanc 2 Golemastoc
21%
Grotte Cyclopéenne Noir et Blanc Grodrive
21%
Grotte Verdoyante Soleil Manglouton
21%
Mont Renenvers Noir 2 et Blanc 2 Groret
14%
Mont Renenvers Noir 2 et Blanc 2 Spoink
14%
Grotte Cyclopéenne Noir et Blanc Hélédelle
7%
Grotte Miroitante X et Y Nucléos
7%
Mont Renenvers Noir 2 et Blanc 2 Rapion
7%
Aucun quiz correspondant
Distribution des résultats
% des personnes avec chaque résultat
Percentile par nombre de réponses
Votre historique - résultats
Vous n’avez pas pris ce quiz